| 000 | 00863nam a2200253Ia 4500 | ||
|---|---|---|---|
| 001 | 21622 | ||
| 005 | 20260320113259.0 | ||
| 008 | 260320s9999||||xx |||||||||||||| ||und|| | ||
| 041 | _aESP | ||
| 082 |
_a658.804 _bW56 |
||
| 100 |
_aWilson, Aubrey, _eAUT |
||
| 245 | 0 |
_a Marketing de los productos industriales _b |
|
| 246 |
_aThe marketing of industrial products _5 _bRamiro, Manuel |
||
| 250 | _aPrimera edición | ||
| 260 |
_aBarcelona : _bBlume, _c1968 |
||
| 300 |
_a311 páginas : _btablas, diagramas ; _c25 cm. _e |
||
| 440 |
_a _n _v |
||
| 650 | _aTCA | ||
| 653 | _aMercadeo industrial | ||
| 654 | _aCAN | ||
| 700 |
_aBarwell, Clive; Marrian, Jacqueline; Griffin, Mary [y otros diesciseis más] _cAUT |
||
| 856 |
_uhttps://ebooks7-24-com.ucsp.lookproxy.com/stage.aspx?il=&pg=&ed= _zVéase además: Base de datos Ebook7-25 |
||
| 942 |
_cLIB _dJUS _fMIP _2ddc _n |
||
| 999 |
_c21622 _d21622 |
||